Lingüística general: estudio introductorio.

Αποθηκεύτηκε σε:
Λεπτομέρειες βιβλιογραφικής εγγραφής
Κύριος συγγραφέας: Robins, R. H (autor)
Άλλοι συγγραφείς: Gómez Bedate, Pilar (versión española), Mendieta-Lombardo, Eva (versión española)
Μορφή: Βιβλίο
Έκδοση: Madrid, España: Gredos, 1995.
Έκδοση:Cuarta edición muy aumentada.
Σειρά:Biblioteca Románica Hispánica. Manuales. 28
Θέματα:
Ετικέτες: Προσθήκη ετικέτας
Δεν υπάρχουν, Καταχωρήστε ετικέτα πρώτοι!

MARC

LEADER 00000nam a22000007a 4500
003 CL-VaPUC
005 20220822114631.0
008 220715t1995 ||||| |||| 00| 0 eng d
999 |c 437111  |d 437109 
040 |c Pontificia Universidad Católica de Valparaíso 
082 0 4 |a 410 ROB 1995  |2 21 
100 0 |a Robins, R. H  |9 402250  |e autor 
245 1 0 |a Lingüística general: estudio introductorio. 
250 |a Cuarta edición muy aumentada.  
260 0 3 |a Madrid, España:  |b Gredos,   |c 1995. 
300 |a 634 páginas. 
490 0 |a Biblioteca Románica Hispánica. Manuales.  |v 28 
500 |a c.1 Donación Familia Prof. Alejandro Guzmán Brito. 
583 |a last modification  |c 19980124 00:00:00  |k Cristina María Rojas Aguilar 
650 0 |a Lingüística  |9 265068 
650 0 |a Semántica  |9 265318 
650 0 |a Abstracción  |9 344698 
650 0 |a Fonética  |9 308371 
650 0 |a Fonología   |9 341074 
650 0 |a Escritura  |9 264941 
700 |a Gómez Bedate, Pilar  |e versión española  |9 873032 
700 |a Mendieta-Lombardo, Eva  |e versión española  |9 873033 
942 |c BK  |2 ddc  |n 0 
952 |0 0  |1 0  |2 ddc  |4 0  |6 410_000000000000000_ROB_1995  |7 0  |8 C_AGB  |9 584856  |a BIBDER  |b BIBDER  |d 2022-07-15  |e Donación   |i 5652978  |o 410 ROB 1995  |p 5652978  |r 2023-01-25  |t 1  |w 2022-07-15  |y BK_US  |k AGB